| 000 | 00451nam a2200205Ia 4500 | ||
|---|---|---|---|
| 003 | GCL | ||
| 008 | 140319s9999 xx 000 0 eng d | ||
| 040 |
_aGCL / _cGCL |
||
| 082 | 0 | 4 |
_a759 _bD M |
| 100 | 1 | _aDURRAGON, ERIC | |
| 245 | 1 | 0 |
_aMANET / _cDURRAGON, ERIC |
| 260 |
_a[S.N] : _bFAYARD ، _c1989 |
||
| 300 | _a473 P | ||
| 650 | 0 | 4 | _aARTS |
| 650 | 0 | 4 | _aART |
| 650 | 0 | 4 | _aPAINTING |
| 650 | 0 | 4 | _aPAINTERS |
| 650 | 0 | 4 | _aMANET |
| 942 |
_2ddc _cBK |
||
| 999 |
_c12594 _d12594 |
||